Servette Squad by Photo (2024-25) - Statistics

General Stats
  • This quiz has been taken 21 times
    16 since last reset
  • The average score is 23 of 26
Answer Stats
Picture Answer % Correct
Alexis Antunes
100%
Anthony Baron
100%
Bradley Mazikou
100%
David Douline
100%
Dereck Kutesa
100%
Enzo Crivelli
100%
Gael Ondoua
100%
Jeremy Frick
100%
Jeremy Guillemenot
100%
Joel Mall
100%
Julian Von Moos
100%
Keigo Tsunemoto
100%
Miroslav Stevanovic
100%
Steve Rouiller
100%
Theo Magnin
100%
Timothe Cognat
100%
Yoan Séverin
100%
Leo Besson
91%
Kasim Adams
82%
Loun Srdanovic
82%
Tiemoko Ouattara
82%
Usman Simbakoli
82%
Victory Beniangba
64%
Malik Sawadogo
55%
Patrick Weber
55%
Sonny
45%
No matching quizzes found
Score Distribution
Percent of People with Each Score
Percentile by Number Answered
Your Score History
You have not taken this quiz since the last reset